000
00201nam a22000857a 4500
008
161207b xxu||||| |||| 00| 0 eng d
100
_9
1942
_a
APH
245
_a
Hindi Course
260
_a
New Delhi
_b
A.P.C.
_c
2011
999
_c
4722
_d
4722